वैज्ञानिक राष्ट्रपती डॉ.अब्दुल कलाम (Record no. 983469)

MARC details
000 -LEADER
fixed length control field 00437nam a2200133Ia 4500
008 - FIXED-LENGTH DATA ELEMENTS--GENERAL INFORMATION
fixed length control field 151001s9999||||xx |||||||||||||| ||und||
100 ## - MAIN ENTRY--PERSONAL NAME
Personal name मान चंद खंडेला
245 ## - TITLE STATEMENT
Title वैज्ञानिक राष्ट्रपती डॉ.अब्दुल कलाम
250 ## - EDITION STATEMENT
Edition statement 1
260 ## - PUBLICATION, DISTRIBUTION, ETC. (IMPRINT)
Name of publisher, distributor, etc आविस्कार पब्लिशर्स
260 ## - PUBLICATION, DISTRIBUTION, ETC. (IMPRINT)
Date of publication, distribution, etc 2003
300 ## - PHYSICAL DESCRIPTION
Extent 170
365 ## - TRADE PRICE
Price amount 21

No items available.